Backtrack /

A woman who has witnessed a mob assassination becomes a target for death. She adopts a new identity and is quickly discovered by the mob killer. He has only one problem; he falls in love with her instead of killing her. A studio edited version of this film was released under the title Catchfire.

Bibliographic Details
Main Author: Sobel, Curt (Composer)
Corporate Authors: Vestron Pictures, Precision Films, Mack-Taylor Productions, Dick Clark Productions (Firm), Artisan Home Entertainment (Firm)
Other Authors: Hopper, Dennis, 1936-2010 (Director, Actor), Mann, Rachel Kronstadt (Screenwriter), Bardach, Ann Louise (Screenwriter), Clark, Dick, 1929-2012 (Producer), Paulson, Dan (Producer), Foster, Jodie (Actor), Stockwell, Dean, 1936-2021, Price, Vincent, 1911-1993, Turturro, John, 1957-
Format: Video DVD
Language:English
Language Notes:Closed captioned for the hearing impaired.
Published: Santa Monica, CA : Artisan Home Entertainment, [2001]
Edition:[Director's cut], widescreen.
Subjects:

MARC

Tag First Indicator Second Indicator Subfields
LEADER 00000cgm a2200000Ia 4500
001 in00004366129
005 20220105155705.0
007 vd cgaizu
008 101228s2001 cau102 vleng d
024 1 |a 012236118770 
028 4 2 |a 11877  |b Artisan Home Entertainment, Inc. 
035 |a (OCoLC)ocn694441186 
035 |a (OCoLC)694441186 
040 |a WAU  |b eng  |c WAU  |d OCLCA  |d OCLCQ  |d OCLCA  |d OCLCF  |d OCLCO  |d OCL  |d OCLCO  |d OCLCQ  |d OCLCO  |d OCLCA  |d UtOrBLW 
043 |a n-us--- 
049 |a TXAM 
090 |a PN1997  |b B1945 2001 
245 0 0 |a Backtrack /  |c a Vestron Pictures presentation ; in association with Precision films/Mack-Taylor Productions ; a Dick Clark Cinema production ; a Dennis Hopper movie ; screenplay by Rachel Kronstadt Mann and Ann Louise Bardach ; produced by Dick Clark and Dan Paulson ; directed by Dennis Hopper. 
246 3 |a Back track 
250 |a [Director's cut], widescreen. 
264 1 |a Santa Monica, CA :  |b Artisan Home Entertainment,  |c [2001] 
300 |a 1 videodisc (approximately 102 min.) :  |b sound, color ;  |c 4 3/4 in. 
336 |a two-dimensional moving image  |b tdi  |2 rdacontent 
337 |a video  |b v  |2 rdamedia 
338 |a videodisc  |b vd  |2 rdacarrier 
538 |a DVD, NTSC; widescreen, 16x9. 
546 |a Closed captioned for the hearing impaired. 
511 1 |a Dennis Hopper, Jodie Foster, Dean Stockwell, Vincent Price, John Turturro, Fred Ward. 
508 |a Director of photography, Ed Lachman ; editor, David Rawlins ; music, Curt Sobel. 
500 |a Originally produced as a motion picture in 1990. 
521 |a Rated R. 
520 |a A woman who has witnessed a mob assassination becomes a target for death. She adopts a new identity and is quickly discovered by the mob killer. He has only one problem; he falls in love with her instead of killing her. A studio edited version of this film was released under the title Catchfire. 
500 |a Special features include photo gallery, cast and crew information. 
500 |a Videorecording. 
650 0 |a Death threats  |v Drama. 
650 0 |a Assassins  |v Drama.  |0 http://id.loc.gov/authorities/subjects/sh2007101526 
650 7 |a Assassins.  |2 fast  |0 (OCoLC)fst00818974 
650 7 |a Death threats.  |2 fast  |0 (OCoLC)fst01741308 
655 4 |a Feature films  |z United States. 
655 7 |a Drama.  |2 fast  |0 (OCoLC)fst01423879 
655 7 |a Feature films.  |2 fast  |0 (OCoLC)fst01710384 
655 7 |a Fiction films.  |2 fast  |0 (OCoLC)fst01710264 
655 7 |a Thrillers (Motion pictures)  |2 fast  |0 (OCoLC)fst01726193 
655 7 |a Video recordings for the hearing impaired.  |2 fast  |0 (OCoLC)fst01710450 
655 7 |a Thrillers (Motion pictures)  |2 lcgft  |0 http://id.loc.gov/authorities/genreForms/gf2011026692 
655 7 |a Fiction films.  |2 lcgft  |0 http://id.loc.gov/authorities/genreForms/gf2011026250 
655 7 |a Feature films.  |2 lcgft  |0 http://id.loc.gov/authorities/genreForms/gf2011026247 
655 7 |a Video recordings for the hearing impaired.  |2 lcgft  |0 http://id.loc.gov/authorities/genreForms/gf2011026725 
700 1 |a Hopper, Dennis,  |d 1936-2010,  |e director,  |e actor.  |0 http://id.loc.gov/authorities/names/nr88002145 
700 1 |a Mann, Rachel Kronstadt,  |e screenwriter. 
700 1 |a Bardach, Ann Louise,  |e screenwriter.  |0 http://id.loc.gov/authorities/names/n85230896 
700 1 |a Clark, Dick,  |d 1929-2012,  |e producer.  |0 http://id.loc.gov/authorities/names/n80079608 
700 1 |a Paulson, Dan,  |e producer.  |0 http://id.loc.gov/authorities/names/no99024651 
700 1 |a Foster, Jodie,  |e actor.  |0 http://id.loc.gov/authorities/names/n90722108 
700 1 |a Stockwell, Dean,  |d 1936-2021.  |0 http://id.loc.gov/authorities/names/n85376821 
700 1 |a Price, Vincent,  |d 1911-1993.  |0 http://id.loc.gov/authorities/names/n50021984 
700 1 |a Turturro, John,  |d 1957-  |0 http://id.loc.gov/authorities/names/no97051250 
700 1 |a Sobel, Curt,  |e composer. 
710 2 |a Vestron Pictures.  |0 http://id.loc.gov/authorities/names/no97053375 
710 2 |a Precision Films. 
710 2 |a Mack-Taylor Productions. 
710 2 |a Dick Clark Productions (Firm)  |0 http://id.loc.gov/authorities/names/no2009142823 
710 2 |a Artisan Home Entertainment (Firm)  |0 http://id.loc.gov/authorities/names/no99053129 
740 0 |a Catchfire. 
994 |a C0  |b TXA 
948 |a cataloged  |b h  |c 2021/10/08  |d c  |e blrosas  |f 11:16:36 am 
999 f f |s ed04a41c-3e11-3b68-9d05-4032f2a0aaff  |i dd094777-d39f-3609-b566-7f76b2589e70  |t 0 
952 f f |p dvd  |a Texas A&M University  |b College Station  |c Sterling C. Evans Library  |d Evans: Media and Reserves (Annex 1st floor)  |t 0  |e PN1997 B1945 2001  |h Library of Congress classification  |i video -- videodisc  |m A14851189937 
998 f f |a PN1997 B1945 2001  |t 0  |l Evans: Media and Reserves (Annex 1st floor)